书目信息 |
| 题名: |
涂鸦与梦境
|
|
| 作者: | 温尼科特 著 ;李真 , 苏瑞锐 译 | |
| 分册: | ||
| 出版信息: | 北京 北京师范大学出版社 2016 |
|
| 页数: | 335页 | |
| 开本: | 23cm | |
| 丛书名: | 精神分析经典译丛 | |
| 单 册: | ||
| 中图分类: | B844.1 , R749.940.5 | |
| 科图分类: | ||
| 主题词: | 儿童心理学--er tong xin li xue--咨询心理学 , 儿童--er tong--精神疗法 | |
| 电子资源: | ||
| ISBN: | 978-7-303-18096-7 | |
| 000 | 01361nam0 22003251 450 | |
| 001 | 0102164930 | |
| 005 | 20170502164930.0 | |
| 010 | @a978-7-303-18096-7@dCNY48.00 | |
| 100 | @a20160825d2016 em y0chiy50 ea | |
| 101 | 1 | @achi@ceng |
| 102 | @aCN@b110000 | |
| 105 | @aa z 000yy | |
| 106 | @ar | |
| 200 | 1 | @a涂鸦与梦境@9tu ya yu meng jing@dTherapeutic consultations in child psychiatry@e儿童精神病学中的治疗性咨询@f(英)唐纳德·W. 温尼科特(D.W. Winnicott)著@g李真,苏瑞锐译@zeng |
| 210 | @a北京@c北京师范大学出版社@d2016 | |
| 215 | @a335页@c图@d23cm | |
| 225 | 2 | @a精神分析经典译丛@9jing shen fen xi jing dian yi cong |
| 330 | @a本书是儿童精神分析大师温尼科特的代表作,书中的21个案例分析,将作者独特的思想、精妙的治疗理念、与儿童工作的过程充分地展现出来。 | |
| 461 | 0 | @12001 @a精神分析经典译丛 |
| 510 | 1 | @aTherapeutic consultations in child psychiatry@zeng |
| 517 | 1 | @a儿童精神病学中的治疗性咨询@9er tong jing shen bing xue zhong de zhi liao xing zi xun |
| 606 | 0 | @a儿童心理学@9er tong xin li xue@x咨询心理学 |
| 606 | 0 | @a儿童@9er tong@x精神疗法 |
| 690 | @aB844.1@v5 | |
| 690 | @aR749.940.5@v5 | |
| 701 | 0 | @c(英)@a温尼科特@9wen ni ke te@c(Winnicott, Donald W.)@f1896~1971)@4著 |
| 702 | 0 | @a李真@9li zhen@4译 |
| 702 | 0 | @a苏瑞锐@9su rui rui@4译 |
| 801 | 0 | @aCN@b百万庄@c20170308 |
| 905 | @b1003150-5@dB844.1@e1655@f6 | |
| 涂鸦与梦境=Therapeutic consultations in child psychiatry:儿童精神病学中的治疗性咨询/(英)唐纳德·W. 温尼科特(D.W. Winnicott)著/李真,苏瑞锐译.-北京:北京师范大学出版社,2016 |
| 335页:图;23cm.-(精神分析经典译丛) |
| ISBN 978-7-303-18096-7:CNY48.00 |
| 本书是儿童精神分析大师温尼科特的代表作,书中的21个案例分析,将作者独特的思想、精妙的治疗理念、与儿童工作的过程充分地展现出来。 |
| ● |
| 相关链接 |
|
|
|
|
正题名:涂鸦与梦境
索取号:B844.1/1655
 
预约/预借
| 序号 | 登录号 | 条形码 | 馆藏地/架位号 | 状态 | 备注 |
| 1 | 1003150 | 210031507 | 第一样本阅览室/ [索取号:B844.1/1655] | 在馆 | |
| 2 | 1003151 | 210031516 | 教育系资料室/ [索取号:B844.1/1655] | 在馆 | |
| 3 | 1003152 | 210031525 | 教育系资料室/ [索取号:B844.1/1655] | 在馆 | |
| 4 | 1003153 | 210031534 | 教育系资料室/ [索取号:B844.1/1655] | 在馆 | |
| 5 | 1003154 | 210031543 | 第一借阅区/ [索取号:B844.1/1655] | 在馆 | |
| 6 | 1003155 | 210031552 | 第一借阅区/ [索取号:B844.1/1655] | 在馆 |